000 01444cam a2200229 4500
001 L159533
008 021003n2017 000 0 eng u
035 _a(Sirsi) u159533
041 0 _aeng
110 2 _aConstruction Industry Council
_92417
245 _aEssential principles for built environment professionals
_bcreating an accessible and inclusive environment
_h[electronic resource]
260 _c2017
520 _aPromotes six principles suggested by the Office for Disability Issues for the built environment: to contribute to the creation of an inclusive society, to apply professional, responsible judgement and take a leadership role, to apply and integrate the principles of inclusive design from a project?s outset, to do more than simply complying with legislation and codes, to seek multiple views to solve accessibility and inclusivity challenges, to acquire the skills, knowledge, understanding and confidence necessary to make inclusion the norm rather than the exception.
590 _aWB
650 _aMANAGEMENT-BUSINESS MANAGEMENT-DISCRIMINATION-DISABILITY DISCRIMINATION-ACCESSIBILITY
650 _aDISABLED PEOPLE
650 _aGUIDANCE
651 4 _aENGLAND AND WALES
690 _aBUILT ENVIRONMENT
856 _uhttps://www.cic.org.uk/shop/essential-principles-guide-for-built-environment-professionals-creating-an-accessible-and-inclusive-environment
_zOrder for free from cic.org.uk
942 _n0
_2ddc
999 _c115979
_d115979